ბათუმის შოთა რუსთაველის სახელმწიფო უნივერსიტეტის ბიბლიოთეკა

სოციალისტური მრეწველობის ეკონომიკა : (ბიბ.ჩანაწერი № 64152)

000 -ლიდერი
ფიქსირებული სიგრძის საკონტროლო ველი 01198nam a22002177a 4500
003 - საკონტროლო ნომრის იდენტიფიკატორი
საკონტროლო ველი Ge_BSU
005 - ბოლო ოპერაციის თარიღი და დრო
საკონტროლო ველი 20260422104040.0
008 - ფიქსირებული სიგრძის მონაცემთა ელემენტები - ზოგადი ინფორმაცია
ფიქსირებული სიგრძის საკონტროლო ველი 260422s1964 ge ||||| |||| 00| 0 geo d
041 ## - ენის კოდი
Language code of text/sound track or separate title geo
080 ## - უნივერსალური ათობითი კლასიფიკაციის ინდექსი
Universal Decimal Classification number 338.45(47+57) ს-74
245 ## - ცნობა სათაურის შესახებ
Title სოციალისტური მრეწველობის ეკონომიკა :
Remainder of title პოპულ. დამხმ. წიგნი /
Statement of responsibility, etc ლ.ს. ბლიახმანი, ვ. ფ. მაზუროვი, ა. ვ. მოისეევი და სხვ.
264 ## - წარმოების, გამოცემის, დისტრიბუციის და სხვა ცნობები
გამოცემის, წარმოების, დისტრიბუციის... ადგილი თბილისი :
გამოცემის, წარმოების, დისტრიბუციის... სახელწოდება საქ. კპ ცკ-ს გამ-ბა,
გამოცემის, წარმოების, დისტრიბუციის... თარიღი 1964.
300 ## - ფიზიკური აღწერა
Extent 373 გვ. ;
Other physical details 21 სმ.
653 ## - INDEX TERM--UNCONTROLLED
Uncontrolled term სსრ კავშირის მრეწველობის ეკონომიკა
700 ## - ADDED ENTRY--PERSONAL NAME
Personal name ბლიახმანი, ლ.ს.
Relator term ავტორი
9 (RLIN) 27346
700 ## - ADDED ENTRY--PERSONAL NAME
Personal name მაზუროვი, ვ.ფ.
Relator term ავტორი
9 (RLIN) 27347
700 ## - ADDED ENTRY--PERSONAL NAME
Personal name მოისეევი, ა.ვ.
Relator term ავტორი
9 (RLIN) 27348
700 ## - ADDED ENTRY--PERSONAL NAME
Personal name ომაროვი, ა. მ.
Relator term ავტორი
9 (RLIN) 27349
700 ## - ADDED ENTRY--PERSONAL NAME
Personal name სმირნიცკი, ვ. კ.
Relator term ავტორი
9 (RLIN) 27350
942 ## - ADDED ENTRY ELEMENTS (KOHA)
Source of classification or shelving scheme
Koha item type წიგნი
ეგზემპლარები
ჩამოწერის სტატუსი დაკარგული ეგზემპლარის სტატუსი კლასიფიკაციის წყარო ან თაროზე გაწყობის სქემა დაზიანების სტატუსი არ გაიცემა მუდმივი მდებარეობა (დაცვის ადგილი) ამჟამინდელი ადგილსამყოფელი თაროზე განთავსების ადგილი შეძენის თარიღი ღირებულება, შესყიდვის ნორმალური ფასი სრული შენახვის შიფრი შტრიხკოდი ბოლო ოპერაციის თარიღი ეგზემპლარის მიმდევრობითი ნომერი (კეტერი?) ფასის ძალაში შესვლის თარიღი ეგზემპლარის სახეობა საჯარო შენიშვნა
          ბათუმის შოთა რუსთაველის სახელმწიფო უნივერსიტეტის მთავარი ბიბლიოთეკა ბათუმის შოთა რუსთაველის სახელმწიფო უნივერსიტეტის მთავარი ბიბლიოთეკა წიგნსაცავი 2026-04-22 2.00 338.45(47+57) ს-74 74343 2026-04-22 74343 2026-04-22 წიგნი 2 ლ.
          ბათუმის შოთა რუსთაველის სახელმწიფო უნივერსიტეტის მთავარი ბიბლიოთეკა ბათუმის შოთა რუსთაველის სახელმწიფო უნივერსიტეტის მთავარი ბიბლიოთეკა წიგნსაცავი 2026-04-22 2.00 338.45(47+57) ს-74 74344 2026-04-22 74344 2026-04-22 წიგნი 2 ლ.